00838nam a22002657a 450000500170000000800410001702000180005804000210007604100080009708200130010524500970011825000120021526000630022730000100029065000090030065000270030970000280033670000260036470000320039070000250042270000300044770000370047770000340051470000240054820240927072439.0240927b |||||||| |||| 00| 0 eng d a9789393890160 aIN-DiNCcIN-DiNC deng a030bNIY aNiyog prastuti (State level recruitment examination 2024)/ced. by Bijit Talukdar and others a6th ed. aGuwahati:bHD international educational publishers,c2024. a480p. aADRE aEmployment preparation aTalukdar, BijiteEditor aDutta, AnupameEditor aRajbongshi, HemantaeEditor aDeka, AnjalieEditor aDebnath, ArabindaeEditor aChoudhury, Jayanta KumareEditor aKalita, Jadab ChandraeEditor aGogoi, UpeneEditor